Repertorio de legislación y jurisprudencia chilenas: código de aguas

Uloženo v:
Podrobná bibliografie
Médium: Kniha
Jazyk:španělština
Vydáno: Santiago Jurídica de Chile 1997
Vydání:2a. ed
Témata:
Tagy: Přidat tag
Žádné tagy, Buďte první, kdo vytvoří štítek k tomuto záznamu!

MARC

LEADER 00000nam a2200000 a 4500
001 UCS3665
003 CL-VaPUC
008 970704e19970000CL |||||||||||||||||spa|d
082 0 4 |a 348.046  |b REP  |2 21 
245 1 0 |a Repertorio de legislación y jurisprudencia chilenas: código de aguas 
250 |a 2a. ed 
300 |a 207 p 
942 |c BK 
945 |d 19970704 00:00:00  |a lriquelm 
260 |a Santiago  |b Jurídica de Chile  |c 1997 
650 0 |a Repertorio  |9 258863 
650 0 |a Código de aguas   |9 380665 
650 0 |a Aprovechamiento de aguas  |9 368432 
650 0 |a Derecho y legislación   |9 255077 
650 0 |a Jurisprudencia  |9 255952 
650 0 |a Leyes  |9 256670 
651 7 |a CHILE  |2 CL-VaPUC  |9 389883 
583 |a last modification  |c 19970704 00:00:00  |k Rodrigo Vera 
999 |c 261301  |d 261299 
952 |0 0  |1 0  |4 0  |6 348_046000000000000_REP_1997  |7 0  |8 F  |9 288630  |a BIBDER  |b BIBDER  |d 2019-11-19  |i 1869256  |o 348.046 REP 1997  |p 1869256  |r 2023-01-25  |w 2019-11-19  |y BK_F  |k DER 
952 |0 0  |1 0  |4 0  |6 348_046000000000000_REP_1997  |7 0  |8 F  |9 288631  |a BIBDER  |b BIBDER  |d 2019-11-19  |i 3579581  |o 348.046 REP 1997  |p 3579581  |r 2023-01-25  |w 2019-11-19  |y BK_F  |k DER